Gravity From the Ground Up /

שמור ב:
מידע ביבליוגרפי
מחבר ראשי: Schutz, Bernard F. (autor)
פורמט: ספר
שפה:אנגלית
יצא לאור: Cambridge, Inglaterra : Cambridge University, 2005, c2003
נושאים:
תגים: הוספת תג
אין תגיות, היה/י הראשונ/ה לתייג את הרשומה!

MARC

LEADER 00000nam^a2200000^a^4500
001 000191754
005 20250521000000.0
009 20260310102539.184
020 |a 0-521-45506-5 
037 |a Acervo ITESO - Biblioteca 
041 |a ING 
082 |a 531. 14  |b SCH 
100 |a Schutz, Bernard F.  |e (autor) 
245 1 0 |a Gravity From the Ground Up /  |c Bernard Schutz. 
264 4 |a Cambridge, Inglaterra :  |b Cambridge University,  |c 2005, c2003 
300 |a XXVI, 462 p. 
336 |a texto  |b txt  |2 rdacontenido 
337 |a sin mediación  |b n  |2 rdamedio 
338 |a volumen  |b nc  |2 rdasoporte 
649 |a XX 
650 |a Gravitación -  |x Tema Principal 
650 |a Materia -  |x Propiedades 
650 |a Teoría de Campos (Física) 
650 |a Relatividad General (Física) 
650 |a Mecánica Astronómica 
650 |a Física 
910 |a Fondo General 
920 |a Impresos - Libros 
930 |a Colección General 
905 |a 101 
901 |a 0500135365  |b IT1  |c ACC  |u 20250521 
902 |a https://opac.biblio.iteso.mx/vufind/Record/000191754